Multivariate analysis; (Record no. 18080)

000 -LEADER
fixed length control field 00748nam a2200229 4500
001 - CONTROL NUMBER
control field 1796141
005 - DATE AND TIME OF LATEST TRANSACTION
control field 20161202124222.0
008 - FIXED-LENGTH DATA ELEMENTS--GENERAL INFORMATION
fixed length control field 710827s1971 nyua b 001 0 eng
010 ## - LIBRARY OF CONGRESS CONTROL NUMBER
LC control number 78151729
020 ## - INTERNATIONAL STANDARD BOOK NUMBER
International Standard Book Number 0471845906
040 ## - CATALOGING SOURCE
Original cataloging agency DLC
Transcribing agency DLC
Modifying agency DLC
050 00 - LIBRARY OF CONGRESS CALL NUMBER
Classification number QA278.T37 1971
Item number .T37
082 00 - DEWEY DECIMAL CLASSIFICATION NUMBER
Classification number 519.5/3
100 1# - MAIN ENTRY--PERSONAL NAME
Personal name Tatsuoka, Maurice M.
245 00 - TITLE STATEMENT
Title Multivariate analysis;
Remainder of title techniques for educational and psychological research
Statement of responsibility, etc. [by] Maurice M. Tatsuoka.
260 ## - PUBLICATION, DISTRIBUTION, ETC. (IMPRINT)
Place of publication, distribution, etc. New York,
Name of publisher, distributor, etc. Wiley
Date of publication, distribution, etc. [1971]
300 ## - PHYSICAL DESCRIPTION
Extent xiii, 310 p.
Other physical details illus.
Dimensions 24 cm.
504 ## - BIBLIOGRAPHY, ETC. NOTE
Bibliography, etc Bibliography: p. 301-304.
650 #0 - SUBJECT ADDED ENTRY--TOPICAL TERM
Topical term or geographic name as entry element Multivariate analysis.
906 ## - LOCAL DATA ELEMENT F, LDF (RLIN)
a 7
b cbc
c orignew
d 2
e ncip
f 19
g y-gencatlg
942 ## - ADDED ENTRY ELEMENTS (KOHA)
Source of classification or shelving scheme
Koha item type Hard Covered Materials
Classification part QA278.T37 1971
Holdings
Withdrawn status Lost status Source of classification or shelving scheme Damaged status Not for loan Home library Current library Shelving location Date acquired Source of acquisition Total Checkouts Full call number Barcode Date last seen Date last checked out Price effective from Koha item type
          MACHAKOS UNIVERSITY LIBRARY MACHAKOS UNIVERSITY LIBRARY Open shelf 02/12/2016 Donation(B.F.A) 1 QA278.T37 1971 29093 15/12/2022 02/12/2022 02/12/2016 Hard Covered Materials
© Machakos University Library, Along The Highway, Machakos Wote Rd, Machakos, Kenya P.O. Box 136 - 90100 Machakos - Kenya

Tel: ( +254 ) 723 805829 OR Fax : 044-20353 OR Email: library@mksu.ac.ke